[Event "Dt. Senioren-Mannschaftsmeisterschaft der Landesverbände 2017"]
[Site "Templin"]
[Date "2017.09.26"]
[Round "2.1"]
[White "Kalinitschew, Sergey"]
[Black "Giesen, Dieter"]
[Result "1-0"]
[BlackElo "2215"]
[WhiteElo "2423"]
[LiveChessVersion "1.4.8"]

1. Nf3 d5 2. c4 c6 3. e3 Nf6 4. b3 Bf5 5. Bb2 e6 6. Be2 h6 7. Nd4 Bh7 8. cxd5
exd5 9. O-O Bd6 10. d3 Nbd7 11. Nd2 O-O 12. N2f3 Ng4 13. g3 Be7 14. h3 Nge5 15.
Nh2 c5 16. Nc2 Bf6 17. d4 Nc6 18. Rc1 Rc8 19. Ng4 cxd4 20. Nxd4 Bxd4 21. Bxd4
Nxd4 22. Qxd4 Nb6 23. a4 Rc6 24. Rxc6 bxc6 25. Rc1 Qd7 26. Ne5 Qb7 27. Nxc6 Rc8
28. Qe5 Kh8 29. Rc3 Nd7 30. Qd6 Nf6 31. Nd8 Qa8 32. Qf8+ 1-0

[Event "Dt. Senioren-Mannschaftsmeisterschaft der Landesverbände 2017"]
[Site "Templin"]
[Date "2017.09.26"]
[Round "2.2"]
[White "Kargoll, Peter"]
[Black "Lehmann, Klaus"]
[Result "1/2-1/2"]
[BlackElo "2321"]
[WhiteElo "2163"]
[LiveChessVersion "1.4.8"]

1. d4 Nf6 2. Nf3 e6 3. g3 c5 4. c3 d5 5. Bg2 Nc6 6. O-O cxd4 7. cxd4 Bd6 8. Nc3
O-O 9. Bg5 Be7 10. Rc1 Bd7 11. Ne5 h6 12. Be3 Ne8 13. f4 Nd6 14. Bf2 Nxe5 15.
dxe5 Nb5 16. Nxb5 Bxb5 17. Qd2 Qd7 18. Rfd1 Rfd8 19. e4 d4 20. Qxd4 Qe8 21. Qe3
b6 1/2-1/2

[Event "Dt. Senioren-Mannschaftsmeisterschaft der Landesverbände 2017"]
[Site "Templin"]
[Date "2017.09.26"]
[Round "2.3"]
[White "Glienke, Manfred, Dr."]
[Black "Fecht, Hans-Peter"]
[Result "1-0"]
[BlackElo "2090"]
[WhiteElo "2266"]
[LiveChessVersion "1.4.8"]

1. Nf3 d5 2. c4 c6 3. e3 Nf6 4. Nc3 e6 5. b3 Nbd7 6. Bb2 Bd6 7. Rc1 O-O 8. Be2
b6 9. cxd5 exd5 10. Nd4 c5 11. Nf5 Ne5 12. Nxd6 Qxd6 13. d4 cxd4 14. Qxd4 Nc6
15. Qd2 a6 16. O-O Rd8 17. Rfd1 Bf5 18. Bf3 Ne5 19. Bxd5 Nxd5 20. Nxd5 Ng4 21.
Qd4 Qxh2+ 22. Kf1 f6 23. Qf4 Qxf4 24. exf4 Be6 25. Nc7 1-0

[Event "Dt. Senioren-Mannschaftsmeisterschaft der Landesverbände 2017"]
[Site "Templin"]
[Date "2017.09.26"]
[Round "2.4"]
[White "Dietzsch, Herbert"]
[Black "Burchardt, Brigitte"]
[Result "1/2-1/2"]
[BlackElo "2191"]
[WhiteElo "2094"]
[LiveChessVersion "1.4.8"]

1. e4 c5 2. Nf3 d6 3. d4 cxd4 4. Nxd4 Nf6 5. Nc3 a6 6. Bc4 e6 7. Bb3 Be7 8. O-O
O-O 9. a4 Bd7 10. Kh1 Nc6 11. f4 Qc7 12. f5 Nxd4 13. Qxd4 Ng4 14. Qd1 Ne5 15.
Be3 b5 16. Bd4 b4 17. fxe6 fxe6 18. Bxe5 dxe5 19. Ne2 Bc5 20. Qd3 a5 21. Rad1
Rxf1+ 22. Rxf1 Rf8 23. Rf3 Bc8 24. Rxf8+ 1/2-1/2

[Event "Dt. Senioren-Mannschaftsmeisterschaft der Landesverbände 2017"]
[Site "Templin"]
[Date "2017.09.26"]
[Round "2.5"]
[White "Schmidt, Gerhard"]
[Black "Nekrasov, Mihail"]
[Result "0-1"]
[BlackElo "2359"]
[WhiteElo "2175"]
[LiveChessVersion "1.4.8"]

1. d4 Nf6 2. Nf3 c5 3. e3 g6 4. c4 Bg7 5. Nc3 O-O 6. Be2 cxd4 7. Nxd4 d5 8. O-O
dxc4 9. Bxc4 a6 10. a4 Qc7 11. Qe2 e5 12. Nf3 e4 13. Nd4 Bg4 14. f3 exf3 15.
gxf3 Bh3 16. Rd1 Nc6 17. Nxc6 Qxc6 18. e4 Rac8 19. Bd5 Nxd5 20. exd5 Qd7 21. Be3
Rfe8 22. Qd2 Rc4 23. d6 Bxc3 24. bxc3 Rg4+ 25. fxg4 Qxg4+ 26. Kh1 Qf3+ 27. Kg1
Re4 28. Bf4 Rxf4 0-1

[Event "Dt. Senioren-Mannschaftsmeisterschaft der Landesverbände 2017"]
[Site "Templin"]
[Date "2017.09.26"]
[Round "2.6"]
[White "Werner, Clemens"]
[Black "Jergler, Karl-Heinz"]
[Result "1/2-1/2"]
[BlackElo "2198"]
[WhiteElo "2306"]
[LiveChessVersion "1.4.8"]

1. e4 c5 2. Nf3 Nc6 3. c3 Nf6 4. e5 Nd5 5. d4 cxd4 6. cxd4 g6 7. h4 h6 8. Qb3 e6
9. Nc3 Nxc3 10. bxc3 d6 11. Bf4 dxe5 12. Nxe5 Bg7 13. Nxc6 bxc6 14. Qa3 Bf8 15.
Qc1 Bg7 16. Be2 Qe7 17. Qe3 h5 18. Bf3 Bb7 19. O-O O-O 20. Rab1 Rfd8 21. Rfe1
Rd7 22. Rxb7 Rxb7 23. Bxc6 Rc8 24. Bxb7 Qxb7 25. Qd2 Qc6 26. Rc1 Qd5 27. g3 Rd8
28. Qe2 Rc8 29. Qa6 Qd7 30. a4 Rc6 31. Qb5 a6 32. Qb3 Rc8 33. Rb1 Qc6 34. Bd2
Rf8 35. a5 Qe4 36. Be3 Bf6 37. Rd1 Qg4 38. Kh2 Rd8 39. c4 1/2-1/2

[Event "Dt. Senioren-Mannschaftsmeisterschaft der Landesverbände 2017"]
[Site "Templin"]
[Date "2017.09.26"]
[Round "2.7"]
[White "Oechslein, Rainer"]
[Black "Herbrechtsmeier, Christof"]
[Result "0-1"]
[BlackElo "2270"]
[WhiteElo "2294"]
[LiveChessVersion "1.4.8"]

1. d4 Nf6 2. Nf3 g6 3. e3 Bg7 4. Be2 c5 5. O-O cxd4 6. exd4 O-O 7. Re1 d6 8. h3
Bf5 9. c3 Nc6 10. Bf4 Nd5 11. Bh2 Re8 12. Qb3 Nb6 13. a4 Be6 14. Qc2 Rc8 15. Rd1
Bf5 16. Qd2 Na5 17. Qe1 Nb3 18. Ra3 Bc2 19. a5 Nd5 20. c4 Nc7 21. Qc3 Bxd1 22.
Bxd1 Nxd4 23. Nxd4 Nb5 24. cxb5 Rxc3 25. bxc3 Qc7 26. Nf3 Qc4 27. b6 axb6 28.
axb6 Qd3 29. Nfd2 Bh6 30. Ra2 e5 31. Bg3 f5 32. f3 Be3+ 33. Bf2 f4 34. Rb2 Ra8
35. Bb3+ d5 36. Ne4 Kg7 37. Bxe3 Qxe3+ 38. Nf2 Qc1+ 39. Nd1 Ra1 40. Bc2 Kf6 41.
Kf2 Rxb1 42. Bxb1 Qxd1 43. Ba2 e4 0-1

[Event "Dt. Senioren-Mannschaftsmeisterschaft der Landesverbände 2017"]
[Site "Templin"]
[Date "2017.09.26"]
[Round "2.8"]
[White "Vatter, Hans-Joachim"]
[Black "Seibold, Hubert, Dr."]
[Result "1-0"]
[BlackElo "2130"]
[WhiteElo "2203"]
[LiveChessVersion "1.4.8"]

1. e4 c5 2. Nf3 g6 3. d4 cxd4 4. Nxd4 Bg7 5. Nc3 Nc6 6. Be3 Nf6 7. Bc4 Qa5 8.
O-O O-O 9. Nb3 Qc7 10. Re1 d6 11. h3 b6 12. Bg5 Na5 13. Nxa5 bxa5 14. Bb3 Bb7
15. Qd2 Bc6 16. Bd5 Rab8 17. Rab1 e6 18. Bb3 Rb4 19. Qd3 Nd7 20. a3 Nc5 21. Qe3
Rb7 22. Bc4 Nxe4 23. Nxe4 Bxe4 24. Qxe4 d5 25. Bxd5 exd5 26. Qxd5 Rxb2 27. Rxb2
Bxb2 28. Bh6 Rc8 29. Qb5 Qb8 30. Qxb8 Rxb8 31. Rb1 a4 32. Bc1 Be5 33. Rxb8+ Bxb8
34. Kf1 Bd6 35. Ke2 Bc5 36. f3 Kf8 37. Kd3 Ke7 38. Kc4 Bf2 39. Kb5 Kd6 40. Kxa4
Kc5 41. Kb3 a6 42. Bb2 Kb5 43. Bf6 Bc5 44. a4+ Kc6 45. Kc4 Bf2 46. Bd4 Bg3 47.
Kd3 f5 48. Be3 Kd5 49. Bh6 Bd6 50. g4 Kc5 51. c3 Kd5 52. Be3 Be5 53. c4+ Kc6 54.
Bd4 Bf4 55. Bg7 Bc1 56. Bf8 Bb2 57. Bb4 Bf6 58. Bc3 Be7 59. Bd4 Bg5 60. Bf2 Be7
61. Kc3 Bf8 62. Bd4 Bd6 63. Bg7 Bc5 64. Bf6 Bf8 65. Kd4 Bc5+ 66. Ke5 Bd6+ 67.
Ke6 fxg4 68. fxg4 Kc5 69. g5 Bf4 70. Kf7 h6 71. gxh6 Bxh6 72. Kxg6 Be3 73. h4
Kxc4 74. h5 Kd5 75. Bg5 Bd4 76. h6 Ke6 77. h7 1-0

[Event "Dt. Senioren-Mannschaftsmeisterschaft der Landesverbände 2017"]
[Site "Templin"]
[Date "2017.09.26"]
[Round "2.9"]
[White "Rotstein, Jefim"]
[Black "Schulz, Michael"]
[Result "1-0"]
[BlackElo "2181"]
[WhiteElo "2322"]
[LiveChessVersion "1.4.8"]

1. Nf3 Nf6 2. g3 b5 3. Bg2 Bb7 4. O-O e6 5. d3 d5 6. b3 Be7 7. Bb2 O-O 8. Nbd2
c5 9. e4 a5 10. a4 b4 11. Re1 Nc6 12. exd5 exd5 13. Ne5 Nxe5 14. Bxe5 Nd7 15.
Bb2 Bf6 16. Bxf6 Nxf6 17. d4 cxd4 18. Nf3 Ne4 19. Nxd4 Qf6 20. f3 Nc3 21. Qd2
Rfe8 22. Bf1 Ba6 23. Bxa6 Qxa6 24. Rxe8+ Rxe8 25. Re1 Rxe1+ 26. Qxe1 g6 27. Qe8+
Kg7 28. Qe5+ Kg8 29. Kg2 Qc8 30. g4 h6 31. h4 Qd8 32. h5 gxh5 33. Nf5 Qf8 34.
gxh5 Kh7 35. Kf1 Qg8 36. Qf6 Qf8 37. Qd6 Qxd6 38. Nxd6 d4 39. Nb7 Nd5 40. Nxa5
Ne3+ 41. Ke2 Nxc2 42. Nc6 Kg7 43. a5 Na3 44. Nxd4 Nb1 45. a6 Nc3+ 46. Kd3 Nd5
47. a7 Nc7 48. Nf5+ Kf6 49. Nxh6 Kg5 50. Nxf7+ Kxh5 51. Kc4 Kg6 52. Ne5+ Kf5 53.
Nd7 1-0

[Event "Dt. Senioren-Mannschaftsmeisterschaft der Landesverbände 2017"]
[Site "Templin"]
[Date "2017.09.26"]
[Round "2.10"]
[White "Postler, Reinhard"]
[Black "Khanukov, Boris"]
[Result "1-0"]
[BlackElo "2306"]
[WhiteElo "2221"]
[LiveChessVersion "1.4.8"]

1. e4 c5 2. c3 Nf6 3. e5 Nd5 4. d4 cxd4 5. cxd4 d6 6. Nf3 Nc6 7. Bc4 Nb6 8. Bb5
Bd7 9. exd6 exd6 10. O-O Be7 11. Re1 O-O 12. h3 Nb4 13. Bf1 Bf5 14. Na3 Bf6 15.
Bd2 Nc6 16. Bc3 Nd5 17. Nc2 Qd7 18. Ne3 Nxe3 19. Rxe3 Ne7 20. d5 Bxc3 21. bxc3
Bg6 22. Qb3 Nf5 23. Re4 Ne7 24. Rb4 Rab8 25. Re1 Qc7 26. Nd4 Nc8 27. Nc6 bxc6
28. Rxb8 cxd5 29. Ba6 Nb6 30. Rxf8+ Kxf8 31. Qb4 h6 32. Bb5 Kg8 33. a4 Kh7 34.
Qd4 Nc4 35. Re8 Ne5 36. Ra8 a5 37. Ra7 Qd8 38. f4 Nc4 39. Qxd5 Ne3 40. Qd2 Qb6
41. Qd4 Qxd4 42. cxd4 Nc2 43. d5 Nb4 44. Bc4 Bd3 45. Bxd3+ Nxd3 46. g3 1-0

[Event "Dt. Senioren-Mannschaftsmeisterschaft der Landesverbände 2017"]
[Site "Templin"]
[Date "2017.09.26"]
[Round "2.11"]
[White "Hassenrueck, Helmut"]
[Black "Baumbach, Friedrich, Dr."]
[Result "0-1"]
[BlackElo "2156"]
[WhiteElo "2167"]
[LiveChessVersion "1.4.8"]

1. d4 d5 2. Nf3 Nf6 3. c4 e6 4. Nc3 Be7 5. Bf4 O-O 6. e3 Nbd7 7. Qc2 c5 8. Rd1
Qa5 9. cxd5 Nxd5 10. Bg3 cxd4 11. exd4 Bb4 12. Bd3 Bxc3+ 13. bxc3 Qxc3+ 14. Qxc3
Nxc3 15. Rd2 b6 16. O-O Bb7 17. Rc2 Rac8 18. Bd6 Rfd8 19. Ng5 Nf6 20. Be5 h6 21.
Nf3 Nfd5 22. a3 f6 23. Bg3 Ne7 24. Re1 Kf7 25. Rec1 Ncd5 26. Nd2 Rxc2 27. Rxc2
Nc6 28. Nf3 Nde7 29. Rd2 Na5 30. Bc2 Rc8 31. h4 Rc3 32. a4 Nc4 33. Re2 Bc6 34.
h5 Nf5 35. Bxf5 exf5 36. Nh4 Be4 37. f3 Bd3 38. Re1 Rb3 39. Bb8 a5 40. Kf2 Rb1
41. Rxb1 Bxb1 42. d5 Bc2 43. Bc7 Ke7 44. d6+ Kd7 45. Ng6 Bxa4 46. Nf8+ Kc6 47.
Ne6 Nxd6 48. Bxd6 Kxd6 49. Nxg7 Bd7 0-1

[Event "Dt. Senioren-Mannschaftsmeisterschaft der Landesverbände 2017"]
[Site "Templin"]
[Date "2017.09.26"]
[Round "2.12"]
[White "Witte, Manfred"]
[Black "Krueger, Erich"]
[Result "1/2-1/2"]
[BlackElo "2171"]
[WhiteElo "2139"]
[LiveChessVersion "1.4.8"]

1. b4 e5 2. Bb2 Bxb4 3. Bxe5 Nf6 4. Nf3 O-O 5. e3 d5 6. Be2 c5 7. a3 Ba5 8. c4
Nc6 9. Bc3 d4 10. Bxa5 Nxa5 11. exd4 cxd4 12. d3 Re8 13. O-O Qd6 14. Nbd2 Bd7
15. Re1 Bc6 16. Qc2 Rad8 17. Qb2 b6 18. Bf1 Rxe1 19. Rxe1 Nb7 20. Ne5 Nc5 21.
Nxc6 Qxc6 22. Nf3 Qd6 23. Qb5 h6 24. a4 Qc7 25. Re5 a5 26. Re1 Ne6 27. g3 Nd7
28. Bh3 Ndc5 29. Bxe6 Nxe6 30. Rb1 Rb8 31. Qd5 Rd8 32. Qb5 Nc5 33. Qxb6 Qxb6 34.
Rxb6 Nxd3 35. Rb5 Nb4 36. Rxa5 d3 37. Rb5 Na2 38. Rd5 Rxd5 39. cxd5 Nc3 40. d6
Kf8 41. a5 Ke8 42. Nd2 Kd7 43. Nc4 d2 44. Nxd2 Kxd6 45. Nb3 Kd5 46. a6 Nb5 47.
f4 Kc6 48. Kf2 Kb6 49. Ke3 Kxa6 50. f5 Kb6 51. Ke4 Kc7 52. Ke5 Kd7 53. f6 g6 54.
Nc5+ 1/2-1/2

[Event "Dt. Senioren-Mannschaftsmeisterschaft der Landesverbände 2017"]
[Site "Templin"]
[Date "2017.09.26"]
[Round "2.13"]
[White "Schruefer, Guenther, Dr."]
[Black "Klundt, Klaus"]
[Result "0-1"]
[BlackElo "2321"]
[WhiteElo "2205"]
[LiveChessVersion "1.4.8"]

1. e4 c5 2. Nf3 e6 3. d4 cxd4 4. Nxd4 Nc6 5. Nb5 Nf6 6. N1c3 d6 7. Be2 a6 8. Nd4
Qc7 9. O-O Be7 10. a4 O-O 11. Be3 Bd7 12. f4 Nxd4 13. Bxd4 Bc6 14. Bd3 e5 15.
Be3 exf4 16. Rxf4 Rae8 17. Qf3 Nd7 18. Kh1 Bg5 19. Rf5 Ne5 20. Qg3 Bxe3 21. Qxe3
g6 22. Rff1 Qa5 23. Qd4 Qc5 24. Ne2 f5 25. exf5 Nxd3 26. Qxd3 Be4 27. Qd2 Qxc2
28. Qxc2 Bxc2 29. Nd4 Bxf5 30. Nxf5 Rxf5 31. Rxf5 gxf5 32. Kg1 Kf7 33. Rc1 Ke6
34. Kf2 Kd7 35. Rc3 d5 36. Rh3 Re7 37. Rh5 Ke6 38. Ke3 Kf6+ 39. Kd4 Kg6 40. Rh3
Re4+ 41. Kxd5 Rxa4 42. Rb3 b5 43. Kc5 Rg4 44. g3 Re4 45. Kb6 Re6+ 46. Ka5 Kg5
47. Rf3 Re2 48. b4 Ra2+ 49. Kb6 h5 50. Rf4 Rxh2 51. Kxa6 h4 52. Rf3 h3 53. Kxb5
Rg2 54. Rf1 h2 55. Rh1 Kg4 0-1

[Event "Dt. Senioren-Mannschaftsmeisterschaft der Landesverbände 2017"]
[Site "Templin"]
[Date "2017.09.26"]
[Round "2.14"]
[White "Kierzek, Matthias, Dr."]
[Black "Nimtz, Manfred, Dr."]
[Result "0-1"]
[BlackElo "2184"]
[WhiteElo "2277"]
[LiveChessVersion "1.4.8"]

1. d4 Nf6 2. c4 g6 3. Nc3 d5 4. Nf3 Bg7 5. Qb3 dxc4 6. Qxc4 O-O 7. e4 Bg4 8. Be3
Nfd7 9. O-O-O c6 10. h3 Bxf3 11. gxf3 b5 12. Qb3 a5 13. d5 a4 14. Qc2 b4 15.
Nxa4 Qa5 16. b3 Rc8 17. Kb1 Qd8 18. d6 exd6 19. Rxd6 Qe7 20. Rd1 c5 21. f4 Nc6
22. Rxd7 Qxd7 23. Nb6 Qd8 24. Nxc8 Rxc8 25. Ba6 Nd4 26. Qc4 Ra8 27. Bb5 Qb6 28.
Ba4 Rd8 29. Rd1 Qb7 30. f3 Qc8 31. Qf1 h5 32. Qg2 Kh7 33. f5 Nxf5 34. Rxd8 Qxd8
35. exf5 Qd3+ 36. Qc2 Qxe3 37. fxg6+ fxg6 38. Qe4 Qc3 39. Qe2 c4 40. Be8 Qa1+
41. Kc2 Qxa2+ 42. Kd1 Qb1+ 43. Kd2 Bh6+ 0-1

[Event "Dt. Senioren-Mannschaftsmeisterschaft der Landesverbände 2017"]
[Site "Templin"]
[Date "2017.09.26"]
[Round "2.15"]
[White "Grimm, Uwe"]
[Black "Baum, Bernd, Dr."]
[Result "0-1"]
[BlackElo "2268"]
[WhiteElo "2090"]
[LiveChessVersion "1.4.8"]

1. f4 g6 2. Nf3 c5 3. e4 Bg7 4. Bc4 Nc6 5. a4 e6 6. O-O Nge7 7. Qe1 d5 8. Bb5
O-O 9. Bxc6 Nxc6 10. d3 dxe4 11. dxe4 b6 12. c3 Bb7 13. Nbd2 Qd3 14. Qh4 Rfe8
15. Re1 Na5 16. Qf2 Rad8 17. h4 Qd7 18. h5 Qe7 19. hxg6 hxg6 20. e5 Rd7 21. Rb1
Red8 22. b4 cxb4 23. cxb4 Nc6 24. Ne4 Nd4 25. Nxd4 Rxd4 26. Nd6 R8xd6 27. exd6
Qxd6 28. Be3 Rxb4 29. a5 Rxb1 30. Rxb1 Qd3 31. Rc1 bxa5 32. Rc7 Qe4 33. Rd7 Bf6
34. Qd2 a4 35. Bd4 e5 36. fxe5 Bc6 37. Rd6 Be7 38. Bxa7 a3 39. Rd4 Qb1+ 40. Kh2
a2 41. e6 a1=Q 42. Rd8+ Kh7 43. Bd4 Qh1+ 44. Kg3 Qh4# 0-1

[Event "Dt. Senioren-Mannschaftsmeisterschaft der Landesverbände 2017"]
[Site "Templin"]
[Date "2017.09.26"]
[Round "2.16"]
[White "Kierzek, Mira"]
[Black "Cichy, Michael, Dr."]
[Result "1/2-1/2"]
[BlackElo "2043"]
[WhiteElo "2037"]
[LiveChessVersion "1.4.8"]

1. e4 c5 2. Nf3 e6 3. d4 cxd4 4. Nxd4 Nc6 5. Nc3 Qc7 6. Be3 a6 7. a3 Nf6 8. Be2
b5 9. Nxc6 dxc6 10. Qd2 Bb7 11. Rd1 Be7 12. O-O Rd8 13. Qc1 O-O 14. f4 Rxd1 15.
Qxd1 c5 16. e5 Ne4 17. Nxe4 Bxe4 18. Bf3 Rd8 19. Qe2 Qc6 20. Qf2 Bxf3 21. Qxf3
Qxf3 22. Rxf3 c4 23. Rf1 h5 24. Kf2 Kf8 25. Ke2 Ke8 26. h3 Rd5 27. g4 hxg4 28.
hxg4 g5 29. Rh1 1/2-1/2

[Event "Mecklenburg-Vorpommern 1-Blindenschachbund"]
[Site "Templin"]
[Date "2017.09.26"]
[Round "2.1"]
[White "Riegler, Dieter"]
[Black "Waschk, Armin"]
[Result "1/2-1/2"]
[BlackElo "2184"]
[BlackTeam "Mecklenburg-Vorpommern 1"]
[Board "1"]
[WhiteElo "2013"]
[WhiteTeam "Blindenschachbund"]

1. d4 Nf6 2. c4 e6 3. Nf3 d5 4. g3 dxc4 5. Bg2 a6 6. O-O  Be7 7. a4 Nc6 8.
e3 Bd7 9. Ne5 Nd5 10. Nxc4 b5 11. axb5 axb5 12. Rxa8 Qxa8 13. Ne5 Nxe5 14. dxe5
c5 15. Qg4 g6 16. e4 h5 17. Qe2 Nb4 18. Nd2 c4 19. Nf3 Nd3 20. Bg5 Bxg5 21.
Nxg5 Nxe5 22. f4 Ng4 23. e5 Qa7+ 24. Kh1 Ne3 25. Qf2 Qb6 26. Ne4 Bc6 27. Re1
Bxe4 28. Bxe4 Nd5 29. Qxb6 Nxb6 30. Bc6+ Ke7 31. Bxb5 Rc8 32. Ra1 Rc5 33. Ra7+
Kf8 34. Ba4 Nd5 35. Kg1 Nb4 36. Rb7 Nd3 37. Bc2 Rd5 38. Kf1 g5 39. Bxd3 cxd3
40. Ke1 gxf4 41. gxf4 d2+ 42. Kd1 Rd4 43. Rb8+ Kg7 44. Rb3 Rxf4 45. Re3 Kg6 46.
Kxd2 Rf2+ 47. Kc3 Rxh2 48. b4 Kf5 49. b5 Rh1 50. Kc4 Rb1 51. Rf3+ Kxe5 52. Rxf7
Kd6 53. Rh7  1/2-1/2

[Event "Mecklenburg-Vorpommern 1-Blindenschachbund"]
[Site "Templin"]
[Date "2017.09.26"]
[Round "2.3"]
[White "Jagdhuber, Hans"]
[Black "Valet, Richard"]
[Result "1/2-1/2"]
[BlackElo "2023"]
[BlackTeam "Mecklenburg-Vorpommern 1"]
[Board "3"]
[WhiteElo "2014"]
[WhiteTeam "Blindenschachbund"]

1. c4 c5 2. g3 Nc6 3. Bg2 g6 4. Nf3 Bg7 5. O-O  f5 6. Nc3 e5 7. d3 Nf6 8.
Nd5 d6 9. Rb1 Be6 10. Ng5 Bd7 11. a3 h6 12. Nxf6+ Qxf6 13. Nf3 Rc8 14. b4 b6
15. Bd2 g5 16. b5 Ne7 17. e3 Ng6 18. Bc3 f4 19. exf4 gxf4 20. Nd2 O-O  21.
Qh5 Qf5 22. Qxf5 Bxf5 23. Ne4 Rcd8 24. Rbd1 Kh8 25. f3 d5  1/2-1/2

[Event "Mecklenburg-Vorpommern 1-Blindenschachbund"]
[Site "Templin"]
[Date "2017.09.26"]
[Round "2.4"]
[White "Kliewe, Hans-Jürgen"]
[Black "Hahn, Volker, Dr."]
[Result "1-0"]
[BlackElo "1747"]
[BlackTeam "Blindenschachbund"]
[Board "4"]
[WhiteElo "2037"]
[WhiteTeam "Mecklenburg-Vorpommern 1"]

1. d4 Nf6 2. Nf3 g6 3. Bf4 Bg7 4. e3 O-O  5. Be2 d6 6. h3 b6 7. O-O  Bb7
8. c4 Nbd7 9. Nc3 Re8 10. Bh2 a6 11. Rc1 e5 12. b4 Qe7 13. Re1 exd4 14. Nxd4 c5
15. Nf3 Ne5 16. bxc5 Nxf3+ 17. Bxf3 Bxf3 18. Qxf3 dxc5 19. Red1 Ra7 20. Rd6 h5
21. Qc6 Qb7 22. Rxf6 Bxf6 23. Qxe8+  1-0

[Event "Sachsen 1-Sachsen-Anhalt"]
[Site "Templin"]
[Date "2017.09.26"]
[Round "2.1"]
[White "Liebert, Heinz"]
[Black "Kyas, Jürgen"]
[Result "1/2-1/2"]
[BlackElo "2200"]
[BlackTeam "Sachsen 1"]
[Board "1"]
[WhiteElo "2188"]
[WhiteTeam "Sachsen-Anhalt"]

1. c4 c5 2. Nf3 g6 3. d4 cxd4 4. Nxd4 Nc6 5. e4 Nf6 6. Nc3 d6 7. Be2 Nxd4 8.
Qxd4 Bg7 9. Be3 O-O  10. Qd2 a5  11. O-O  a4 12. f3 Qa5 13. Rfd1
Be6 14. Rac1 Rfc8 15. Nb5  1/2-1/2

[Event "Sachsen 1-Sachsen-Anhalt"]
[Site "Templin"]
[Date "2017.09.26"]
[Round "2.2"]
[White "Weidlich, Günter"]
[Black "Köhler, Gerhard, Dr."]
[Result "1/2-1/2"]
[BlackElo "2192"]
[BlackTeam "Sachsen-Anhalt"]
[Board "2"]
[WhiteElo "2187"]
[WhiteTeam "Sachsen 1"]

1. Nf3 Nf6 2. g3 g6 3. b3 Bg7 4. Bg2 O-O  5. c4 d6 6. Bb2 Nbd7 7. d4 Re8 8.
O-O  e5 9. dxe5 Ng4 10. h3 Ngxe5 11. Nc3 Nc5 12. Nd4 Bd7 13. Qd2 Rb8 14.
Rad1 f6 15. Qc2 c6 16. Kh2 Qc7 17. Ne4 Nxe4 18. Bxe4 Nf7 19. Bg2 Re5 20. Kg1
Rbe8 21. Rd2 Qc8 22. h4 Bg4 23. Bf3 Bd7 24. Bg2 Bh6 25. e3 Bg7 26. e4 Bh3 27.
f3 Bh6 28. Re2 a6 29. Kh2 Bxg2 30. Kxg2 R5e7 31. b4 c5 32. bxc5 dxc5 33. Nb3 f5
34. Rfe1 f4 35. g4 Bg7 36. Bxg7 Kxg7 37. Rd1 Ne5 38. Qc3 Kg8 39. g5 h6 40. gxh6
Kh7 41. Red2 Kxh6 42. Rd5 b6 43. Nc1 Ng4 44. R1d3 Ne3+ 45. Rxe3 fxe3 46. Qxe3+
Kh7 47. Qd3 Re5 48. Rd7+ R8e7 49. Rd6 Rh5 50. Kg3 Qc7 51. f4 Rg7 52. Ne2 Qe7
53. Kf2 Qxh4+ 54. Qg3 Qxg3+ 55. Kxg3 b5 56. Rxa6 b4 57. Nc1 Rd7 58. Nb3 Rd3+
59. Kg4 Rc3 60. f5 Rh1 61. fxg6+ Kh6 62. Nxc5 Rxc4 63. Nd3 Rxe4+ 64. Kf5 Rd4
65. Ne5 Rf1+ 66. Ke6 Re4 67. Kd5 Re2 68. Nc6 Rb2 69. Kc5 Rf6 70. Nxb4 Rxa6 71.
Nxa6 Rxa2 72. Nb4 Ra1 73. g7 Kxg7 74. Kd5 Kf6 75. Nc6 Rd1+ 76. Nd4 Ke7 77. Ke5
Rh1 78. Nf5+ Kd7 79. Ke4 Re1+ 80. Kd5 Ra1 81. Nd4 Ra5+ 82. Ke4 Kd6 83. Nf5+ Kc5
84. Ke5 Ra4 85. Ng3 Kc6 86. Ne4 Rc4 87. Nf6 Rh4 88. Ne4 Rh5+ 89. Kd4 Rd5+ 90.
Kc4 Rd1 91. Nc3 Rd8 92. Ne4 Ra8 93. Kd4 Ra5 94. Nc3 Rh5 95. Ne4 Rd5+ 96. Kc4
Rd8 97. Nc3 Rh8 98. Kd4 Kd6 99. Ne4+ Ke6 100. Nc5+ Kf5 101. Kd5 Rd8+ 102. Kc4
Ke5 103. Nd3+ Ke4 104. Nc5+ Ke3 105. Ne6 Rd1 106. Nc5 Rd2 107. Ne6 Ke4 108.
Nc5+ Ke5 109. Nd3+ Kd6 110. Kd4 Rh2 111. Ke4 Rh4+ 112. Nf4 Rh8 113. Kd4 Ra8
114. Ke4 Ra5 115. Kd4 Ra4+ 116. Ke3 Ke5 117. Nd3+ Kf5 118. Nc5 Rc4 119. Nd3 Ke6
120. Nf4+ Ke5 121. Nd3+ Kf5 122. Nb2 Rg4 123. Nd3 Rh4 124. Nf4 Rh2  1/2-1/2

[Event "Sachsen 1-Sachsen-Anhalt"]
[Site "Templin"]
[Date "2017.09.26"]
[Round "2.3"]
[White "Schultheis, Heinz"]
[Black "Lenk, Wolfgang"]
[Result "1/2-1/2"]
[BlackElo "2179"]
[BlackTeam "Sachsen 1"]
[Board "3"]
[WhiteElo "2087"]
[WhiteTeam "Sachsen-Anhalt"]

1. d4 Nf6 2. c4 g6 3. Nc3 Bg7 4. e4 d6 5. f3 O-O  6. Nge2 Nc6 7. Be3 a6 8.
Qd2 Rb8 9. d5 Ne5 10. Nd4 c5 11. dxc6 Nxc6 12. Be2 Qa5 13. O-O  Nxd4 14.
Bxd4 Be6 15. Rfd1 Rfe8 16. a3 Rbc8 17. Nd5 Qxd2 18. Rxd2 Bxd5 19. exd5 Bh6 20.
Rdd1 Nh5 21. g3 Ng7 22. Bb6  1/2-1/2

[Event "Sachsen 1-Sachsen-Anhalt"]
[Site "Templin"]
[Date "2017.09.26"]
[Round "2.4"]
[White "Böhm, Erwin"]
[Black "Werchan, Hans, Dr."]
[Result "1-0"]
[BlackElo "2085"]
[BlackTeam "Sachsen-Anhalt"]
[Board "4"]
[WhiteElo "2154"]
[WhiteTeam "Sachsen 1"]

1. e4 c5 2. Nc3 Nc6 3. g3 g6 4. Bg2 Bg7 5. d3 d6 6. Be3 e6 7. Qd2 Nge7 8. Bh6
O-O  9. h4 f6 10. Nge2 e5 11. Bxg7 Kxg7 12. f4 Bg4 13. Nd1 d5 14. Ne3 Be6
15. f5 gxf5 16. exd5 Nxd5 17. Bxd5 Bxd5 18. Nxf5+ Kh8 19. Rf1 Be6 20. a3 Ne7
21. Nxe7 Qxe7 22. O-O-O Bg4 23. Rde1 Rad8 24. Qe3 Qd6 25. Nc3 b6 26. Qh6 Qe7
27. Ne4 Qg7 28. Rxf6 Qxh6+ 29. Rxh6 Bf5 30. Rd6 Bxe4 31. Rxd8 Rxd8 32. Rxe4 Re8
33. Rg4 Rf8 34. Kd2 Rf2+ 35. Kc3 h6 36. b4 cxb4+ 37. axb4 Rf3 38. Kc4 Kh7 39.
Kd5 Rf2 40. c4 Rd2 41. Kxe5 Rxd3 42. c5 bxc5 43. bxc5 Rc3 44. Kd5 Rd3+ 45. Ke4
Rd1 46. c6 Re1+ 47. Kd5 Rd1+ 48. Kc5 Rc1+ 49. Rc4  1-0

[Event "Bremen-Hamburg"]
[Site "Templin"]
[Date "2017.09.26"]
[Round "2.1"]
[White "Engelbert, Christoph"]
[Black "Buchal, Stephan"]
[Result "0-1"]
[BlackElo "2347"]
[BlackTeam "Bremen"]
[Board "1"]
[WhiteElo "2135"]
[WhiteTeam "Hamburg"]

1. e4 g6 2. d4 Bg7 3. Nc3 d6 4. Be3 a6 5. f4 b5 6. Nf3 Nd7 7. Bd3 c5 8. e5 Bb7
9. Be4 Bxe4 10. Nxe4 Nh6 11. dxc5 dxe5 12. c6 Nf6 13. Nxf6+ exf6 14. Qxd8+ Rxd8
15. a4 Nf5 16. axb5 Nxe3 17. c7 Rc8 18. b6 Kd7  0-1

[Event "Bremen-Hamburg"]
[Site "Templin"]
[Date "2017.09.26"]
[Round "2.2"]
[White "Franke, Reiner, Prof. Dr."]
[Black "Hohlfeld, Wolfgang"]
[Result "1-0"]
[BlackElo "2079"]
[BlackTeam "Hamburg"]
[Board "2"]
[WhiteElo "2255"]
[WhiteTeam "Bremen"]

1. Nf3 d5 2. g3 Nf6 3. Bg2 g6 4. c4 c6 5. cxd5 cxd5 6. d4 Bg7 7. O-O  O-O
 8. Ne5 Nc6 9. Nxc6 bxc6 10. Nc3 Bf5 11. Bf4 Nd7 12. Qd2 e5 13. Be3 Re8 14.
Rac1 Qa5 15. Rfe1 Rab8 16. b3 Rbc8 17. dxe5 Bxe5 18. Bf4 Bg7 19. Na4 Qa6 20.
Bd6 Re6 21. Ba3 Nb6 22. e4 Bxe4 23. Bf1 Nc4 24. Bxc4 dxc4 25. Nc5 Qxa3 26. Nxe6
Bf5 27. Nxg7 Kxg7 28. Rxc4 Be6 29. Rxe6  1-0

[Event "Bremen-Hamburg"]
[Site "Templin"]
[Date "2017.09.26"]
[Round "2.3"]
[White "Schellhorn, Wolfgang"]
[Black "Rust-Lux, Klaus"]
[Result "1/2-1/2"]
[BlackElo "2065"]
[BlackTeam "Bremen"]
[Board "3"]
[WhiteElo "2081"]
[WhiteTeam "Hamburg"]

1. e4 c5 2. Nf3 e6 3. d4 cxd4 4. Nxd4  Nf6 5. Nc3 d6 6. g4 h6 7. f4 Nc6 8.
Be2 a6 9. Be3 Qc7 10. Nb3 b5 11. a3 Bb7 12. Bf3 Be7 13. Qd2 Rc8 14. h4 Nd7 15.
Qf2 Na5 16. Nd2 Nc4 17. Nxc4 Qxc4 18. O-O-O Qc7 19. g5 h5 20. Kb1 Qa5 21. Bd2
Qb6 22. Qe2 g6 23. Rhe1 Qc6 24. Rf1 Qc4 25. Qf2 O-O  26. Be3 Rfd8 27. Rfe1
Bf8 28. f5 Ne5 29. fxg6 fxg6 30. Be2 Qc6 31. Bd4 Bg7 32. Qg2 Rf8 33. Qh3 Rce8
34. Rf1 Bc8 35. Qg2 Rxf1 36. Rxf1 Rf8 37. Rxf8+ Kxf8 38. Qf1+  1/2-1/2